Catálogo
 En Linea

El Licenciado Vidriera / (Registro nro. 39792)

Detalles MARC
000 -CABECERA
campo de control de longitud fija 00686nam a2200193 a 4500
001 - NÚMERO DE CONTROL
campo de control 000040302
005 - FECHA Y HORA DE LA ÚLTIMA TRANSACCIÓN
campo de control 20240503073631.0
008 - DATOS DE LONGITUD FIJA--INFORMACIÓN GENERAL
campo de control de longitud fija 130802s2004 mx 000 0 spa d
020 ## - NÚMERO INTERNACIONAL ESTÁNDAR DEL LIBRO
Número Internacional Estándar del Libro 9703204740
040 ## - FUENTE DE LA CATALOGACIÓN
Centro catalogador/agencia de origen DO-SdBNP
Lengua de catalogación spa
Centro/agencia transcriptor BNPHU
100 1# - ENTRADA PRINCIPAL--NOMBRE DE PERSONA
Nombre de persona Cervantes Saavedra, Miguel de,
Fechas asociadas al nombre 1547-1616
9 (RLIN) 3070
245 10 - MENCIÓN DE TÍTULO
Título El Licenciado Vidriera /
Mención de responsabilidad, etc. Miguel de Cervantes Saavedra ; introducción de Sergio Fenández.
250 ## - MENCIÓN DE EDICIÓN
Mención de edición 2a. ed.
260 ## - PUBLICACIÓN, DISTRIBUCIÓN, ETC.
Lugar de publicación, distribución, etc. México :
Nombre del editor, distribuidor, etc. Universidad Nacional Autónoma de México,
Fecha de publicación, distribución, etc. 2004.
300 ## - DESCRIPCIÓN FÍSICA
Extensión 39 p. ;
Dimensiones 18 cm.
490 1# - MENCIÓN DE SERIE
Mención de serie Relato Licenciado Vidriera
Designación de volumen o secuencia 1
700 1# - PUNTO DE ACCESO ADICIONAL--NOMBRE DE PERSONA
Nombre de persona Balcácel Ordóñez, Luis Balcácel
9 (RLIN) 66546
830 #0 - PUNTO DE ACCESO ADICIONAL DE SERIE-TÍTULO UNIFORME
Título uniforme Relato Licenciado Vidriera
Designación de volumen o secuencia 1
9 (RLIN) 66234
Existencias
Estado de retiro Estado de pérdida Restricciones de uso No para préstamo Código de colección Localización permanente Ubicación/localización actual Ubicación en estantería Fecha de adquisición Número de inventario Total de préstamos Signatura topográfica completa Código de barras Fecha visto por última vez Número de copia Precio válido a partir de Tipo de ítem Koha
      Excluido de préstamo Monografías: Libros y Folletos General General En catalogación 21.08.2013 LF1   40302-10 25.06.2020 e. 2 25.06.2020 No se presta
      Excluido de préstamo Monografías: Libros y Folletos General General En catalogación 21.08.2013 LF1   40302-20 25.06.2020   25.06.2020 No se presta
      Excluido de préstamo Monografías: Libros y Folletos General General En catalogación 21.08.2013 LF1   40302-30 25.06.2020 e. 3 25.06.2020 No se presta

Con tecnología Koha